Chanteurs et groupes par lettre - B - Statistiques

Statistiques générales
  • Ce quiz a été pris 1 256 fois
  • Le résultat moyen est 12 sur 20
Statistiques - réponses
Période d’activité Pays Chansons Groupe ou artiste % Correct
1999 - ...Baby One More Time | Toxic Britney Spears
91%
2002 - Sur ma route | Mme Pavoshko Black M
90%
2003 - Single Ladies (Put a Ring on It) | Halo Beyoncé Knowles
85%
1965 - 1981 No Woman, No Cry | One Love Bob Marley and the Wailers
81%
2010 - 24k Magic | Just the Way You Are Bruno Mars
80%
2013 - Dynamite | DNA BTS
77%
2019 - Bad Guy | Bury a Friend Billie Eilish
76%
1998 - I Gotta Feeling | Boom Boom Pow Black Eyed Peas
74%
1963 - 1970 All You Need is Love | Hey Jude The Beatles
74%
1958 - 1996 L’Aigle noir | Dis, quand reviendras-tu ? Barbara
70%
1965 - 2012 Stayin' Alive | How Deep is Your Love Bee Gees
57%
1994 - 92i Veyron | DKR Booba
56%
1973 - Born in the U.S.A. | Born to Run Bruce Springsteen
44%
1962 - Wouldn’t It Be Nice | Surfin’ U.S.A The Beach Boys
40%
1993 - I Want It That Way | As Long as You Love Me Backstreet Boys
35%
1987 - Love Generation | World, Hold On Bob Sinclar
34%
1962 - Blowin' in the Wind | Like a Rolling Stone Bob Dylan
31%
1971 - Piano Man | Uptown Girl Billy Joel
27%
1980 - (Everything I Do) I Do It For You | Summer of '69 Bryan Adams
23%
1970 - 2017 Paranoid | Iron Man Black Sabbath
20%
Aucun quiz correspondant
Distribution des résultats
% des personnes avec chaque résultat
Percentile par nombre de réponses
Votre historique - résultats
Vous n’avez pas pris ce quiz